Homenaje al Nobel Gabriel García Márquez [ (Record no. 3059)

MARC details
000 -LEADER
campo de control de longitud fija 01647nkm a2200349 i 4500
001 - NÚMERO DE CONTROL
campo de control 3059
003 - IDENTIFICADOR DE NÚMERO DE CONTROL
campo de control ES-MaACL
005 - FECHA Y HORA DE LA ÚLTIMA TRANSACCIÓN
campo de control 20250713062543.0
007 - CAMPO FIJO DE DESCRIPCIÓN FÍSICA--INFORMACIÓN GENERAL
campo de control de longitud fija khrbo
008 - DATOS DE LONGITUD FIJA--INFORMACIÓN GENERAL
campo de control de longitud fija 041112s1982 sp --- g |001||spa d
100 0# - ENTRADA PRINCIPAL--NOMBRE DE PERSONA
Nombre de persona Alfonso,
Fechas asociadas al nombre 1902-1990
9 (RLIN) 19858
245 10 - MENCIÓN DEL TÍTULO
Título Homenaje al Nobel Gabriel García Márquez [
Medio Fotografía] /
Mención de responsabilidad, etc. Alfonso (sello).
260 ## - PUBLICACIÓN, DISTRIBUCIÓN, ETC.
Lugar de publicación, distribución, etc. [S.l. :
Nombre del editor, distribuidor, etc. s.n.],
Fecha de publicación, distribución, etc. 1982.
300 ## - DESCRIPCIÓN FÍSICA
Extensión 5 fot. :
Otras características físicas b. y n. ;
Dimensiones 12 x 18 cm.
500 ## - NOTA GENERAL
Nota general Datos basados en invitación.
505 8# - NOTA DE CONTENIDO CON FORMATO
Nota de contenido con formato Aproximación a García Márquez. -- Recital de música latinoamericana
511 0# - NOTA DE PARTICIPANTES O INTÉRPRETES
Nota de participantes o intérpretes Intervienen: Manuel Hernández Benavides, Carlos Jiménez, Manuel Picón, Olga Manzano, Sebastián Fuensalida, Héctor Santos.
518 ## - NOTA DE FECHA/HORA Y LUGAR DE UN ACONTECIMIENTO
Nota de fecha/hora y lugar de un acontecimiento Acto organizado por el Ateneo de Madrid en colaboración con la Asociación Cultural Amistad Colombiano-Española, celebrado en el salón de actos el sábado 11 de diciembre de 1982, a las 18:00 h.
600 14 - PUNTO DE ACCESO ADICIONAL DE MATERIA--NOMBRE DE PERSONA
Nombre de persona Hernández Benavides, Manuel.
9 (RLIN) 62888
600 14 - PUNTO DE ACCESO ADICIONAL DE MATERIA--NOMBRE DE PERSONA
Nombre de persona Jiménez, Carlos.
9 (RLIN) 66399
600 14 - PUNTO DE ACCESO ADICIONAL DE MATERIA--NOMBRE DE PERSONA
Nombre de persona Picón, Manuel.
9 (RLIN) 91877
600 14 - PUNTO DE ACCESO ADICIONAL DE MATERIA--NOMBRE DE PERSONA
Nombre de persona Manzano, Olga.
9 (RLIN) 76221
600 14 - PUNTO DE ACCESO ADICIONAL DE MATERIA--NOMBRE DE PERSONA
Nombre de persona Fuensalida, Sebastián.
9 (RLIN) 52824
600 14 - PUNTO DE ACCESO ADICIONAL DE MATERIA--NOMBRE DE PERSONA
Nombre de persona Santos, Héctor.
9 (RLIN) 103475
610 24 - PUNTO DE ACCESO ADICIONAL DE MATERIA--NOMBRE DE ENTIDAD CORPORATIVA
Nombre de entidad corporativa o nombre de jurisdicción como elemento de entrada Ateneo de Madrid-
Subdivisión general Actos culturales-
Subdivisión cronológica 1982-
Subdivisión de forma Fotografías.
9 (RLIN) 1894
710 2# - ENTRADA AGREGADA--NOMBRE DE ENTIDAD CORPORATIVA
Nombre de entidad corporativa o nombre de jurisdicción como elemento de entrada Ateneo de Madrid.
9 (RLIN) 1875
710 2# - ENTRADA AGREGADA--NOMBRE DE ENTIDAD CORPORATIVA
Nombre de entidad corporativa o nombre de jurisdicción como elemento de entrada Asociación Cultural Amistad Colombiano-Española.
9 (RLIN) 1528
852 ## - LOCALIZACIÓN
Ubicación ES-MaACL
Número de control de estantería FOT 3/1982
856 4# - LOCALIZACIÓN Y ACCESO ELECTRÓNICOS
Identificador Uniforme de Recursos <a href="http://www.ateneodemadrid.net/biblioteca_digital/imagenes/1982/0003_01-1982.jpg">http://www.ateneodemadrid.net/biblioteca_digital/imagenes/1982/0003_01-1982.jpg</a>
Nota pública Ver imagen
856 4# - LOCALIZACIÓN Y ACCESO ELECTRÓNICOS
Identificador Uniforme de Recursos <a href="http://www.ateneodemadrid.net/biblioteca_digital/imagenes/1982/0003_02-1982.jpg">http://www.ateneodemadrid.net/biblioteca_digital/imagenes/1982/0003_02-1982.jpg</a>
Nota pública Ver imagen
Holdings
Estatus retirado Estado de pérdida Estado de daño No para préstamo Colección Biblioteca de origen Biblioteca actual Ubicación en estantería Fecha de adquisición Fuente de adquisición Total de préstamos Signatura topográfica completa Código de barras Visto por última vez Precio de reemplazo Tipo de ítem Koha
        Colección digital Biblioteca del Ateneo de Madrid Biblioteca del Ateneo de Madrid Depósito Z 17/01/2008     FOT 3/1982 1003122 23/02/2023 23/02/2023 Fotografía